Case of castration in canine at siem reap province, ករណីវះកាត់ក្រៀវសុនខឈ្មោលក្នុង ខេត្តសៀមរាប (Record no. 25800)

000 -LEADER
fixed length control field 00478nam a22001217a 4500
040 ## - CATALOGING SOURCE
Transcribing agency RUA
082 ## - DEWEY DECIMAL CLASSIFICATION NUMBER
Classification number AVM KHA 2025 B705 Or.1
100 ## - MAIN ENTRY--AUTHOR NAME
Personal name KHAM DYVONGCHIWIN, ខាំ ឌីវង្សជីវីន
245 ## - TITLE STATEMENT
Title Case of castration in canine at siem reap province, ករណីវះកាត់ក្រៀវសុនខឈ្មោលក្នុង ខេត្តសៀមរាប
260 ## - PUBLICATION, DISTRIBUTION, ETC. (IMPRINT)
Place of publication PHNOM PENH
Name of publisher RUA
Year of publication 2025
300 ## - PHYSICAL DESCRIPTION
Number of Pages ix,38p.
Other physical details ill.
Dimensions 29cm.
942 ## - ADDED ENTRY ELEMENTS (KOHA)
Koha item type AVM
952 ## - LOCATION AND ITEM INFORMATION (KOHA)
Withdrawn status [LOCAL, KOHA] 0
952 ## - LOCATION AND ITEM INFORMATION (KOHA)
Withdrawn status [LOCAL, KOHA] 0
Holdings
Permanent Location Date acquired Koha item type Lost status Shelving location Barcode Current Location Full call number
Library Block B2026-05-23AVM B705B712950Library Block BAVM KHA 2025 B705 Or.1
Library Block B2026-05-23AVM B705B713017Library Block BAVM KHA 2025 B705 Or.2
មជ្ឈមណ្ឌលឯការនៃសាកលវិទ្យាល័យភូមិន្ទកសិកម្មចំការដូង

Powered by Koha